000 00798nam a22002177a 4500
005 20171129161303.0
010 _aUR-9920
020 _c50.00
_a-
035 _aU-8475
037 _bDBAD/PUB
082 _a 844
100 _aشو کت پر د یسی
245 _a مضا مین شو کت
_cشو کت پر د یسی
246 _b
_aMazameen-e-Shoukat
250 _aby Shoukat Pardesi
260 _aThane
_bNadeem Ahmad Jonpuri
_c2015
270 _aBlack WordsPublications,Mumbra,
_bThane,Bharat
_e-
_k09768340782
_l-
300 _a56ص
_c22 Cm.(B.b)
500 _aدو حصہ
942 _2ddc
_cUR
_h844
_m ش و ک
_e
999 _c147333
_d147333